ბათუმის შოთა რუსთაველის სახელმწიფო უნივერსიტეტის ბიბლიოთეკა

გუშინ და დღეს (ბიბ.ჩანაწერი № 49912)

000 -LEADER
fixed length control field 00696nam a2200229Ia 4500
001 - CONTROL NUMBER
control field 16848
003 - CONTROL NUMBER IDENTIFIER
control field GE_BSU
008 - FIXED-LENGTH DATA ELEMENTS--GENERAL INFORMATION
fixed length control field 181216s||||||||xx |||||||||||||| ||und||
040 ## - CATALOGING SOURCE
Transcribing agency GE_BSU
080 ## - UNIVERSAL DECIMAL CLASSIFICATION NUMBER
Universal Decimal Classification number 821.353.1-7
100 ## - MAIN ENTRY--PERSONAL NAME
Personal name გოგიაშვილი, მ.
245 ## - TITLE STATEMENT
Title გუშინ და დღეს
245 ## - TITLE STATEMENT
Remainder of title სატირა და იუმორი
245 ## - TITLE STATEMENT
Statement of responsibility, etc. რედ. ვ.ჭელიძე
260 ## - PUBLICATION, DISTRIBUTION, ETC.
Place of publication, distribution, etc. თბილისი
260 ## - PUBLICATION, DISTRIBUTION, ETC.
Name of publisher, distributor, etc. ხელოვნება
260 ## - PUBLICATION, DISTRIBUTION, ETC.
Date of publication, distribution, etc. 1958
300 ## - PHYSICAL DESCRIPTION
Extent 204გვ. : ილ. ; 21სმ.
653 ## - INDEX TERM--UNCONTROLLED
Uncontrolled term გუშინ და დღეს
653 ## - INDEX TERM--UNCONTROLLED
Uncontrolled term სატირა და იუმორი
942 ## - ADDED ENTRY ELEMENTS (KOHA)
Koha item type წიგნი
ეგზემპლარები
Withdrawn status Lost status Damaged status Not for loan Date acquired Barcode Date last seen Price effective from Koha item type
        2018-12-17 21861 2018-12-17 2018-12-17 წიგნი
        2018-12-17 21862 2018-12-17 2018-12-17 წიგნი